A history of the family firm of Walter Lawrence (Record no. 107684)

MARC details
000 -LEADER
fixed length control field 00594cam a22001935a 4500
001 - CONTROL NUMBER
control field L141478
008 - FIXED-LENGTH DATA ELEMENTS--GENERAL INFORMATION
fixed length control field 071127s1971 xxka f 000 0deng d
035 ## - SYSTEM CONTROL NUMBER
System control number (Sirsi) u141478
041 0# - LANGUAGE CODE
Language code of text/sound track or separate title eng
050 04 - LIBRARY OF CONGRESS CALL NUMBER
Classification number 920 $2 18
110 0# - MAIN ENTRY--CORPORATE NAME
Corporate name or jurisdiction name as entry element Lawrence, Walter and Son
9 (RLIN) 5468
245 02 - TITLE STATEMENT
Title A history of the family firm of Walter Lawrence
Remainder of title 1871-1971
260 ## - PUBLICATION, DISTRIBUTION, ETC.
Place of publication, distribution, etc. [London]
Name of publisher, distributor, etc. Walter Lawrence and Son
Date of publication, distribution, etc. [1971]
300 ## - PHYSICAL DESCRIPTION
Extent 108 p.
Other physical details col. ill.
Dimensions 31 cm.
520 ## - SUMMARY, ETC.
Summary, etc. A history of the building firm of Walter Lawrence and Son Ltd.
651 #4 - SUBJECT ADDED ENTRY--GEOGRAPHIC NAME
Geographic name United Kingdom
Chronological subdivision
690 ## - LOCAL SUBJECT ADDED ENTRY--TOPICAL TERM (OCLC, RLIN)
Topical term or geographic name as entry element BUILT ENVIRONMENT
942 ## - ADDED ENTRY ELEMENTS (KOHA)
Suppress in OPAC 0
Holdings
Withdrawn status Lost status Source of classification or shelving scheme Damaged status Not for loan Home library Current library Shelving location Date acquired Total Checkouts Full call number Barcode Date last seen Copy number Price effective from Koha item type
    Dewey Decimal Classification     London London Reference copy 27/11/2007   F920 LAW 30074355 06/08/2019 1 06/08/2019 Book